000 00711nam a2200229Ia 4500
003 GCL
008 140319s9999 xx 000 0 ara d
040 _aGCL /
_cGCL
082 0 4 _a374.2
_bح ت
100 1 _aحسن حسين جامع
245 1 0 _aالتعليم الذاتى وتطبيقاتة التربوية /
_cحسن حسين جامع
260 _a[S.N] :
_bمؤسسة الكويت للتقدم العلمى ،
_c1986
300 _a261 ص
490 _a
650 0 4 _aالكويت
650 0 4 _aطرق البحث
650 0 4 _aالتعليم
650 0 4 _aاساسيات التعليم
650 0 4 _aالتثقيف الذاتى
650 0 4 _aالبعوث التربوية
942 _2ddc
_cBK
999 _c58871
_d58871